| 000 | 00482nam a2200169 i 4500 | ||
|---|---|---|---|
| 001 | 92238 | ||
| 003 | ES-MaACL | ||
| 005 | 20230906180926.0 | ||
| 007 | t| | ||
| 008 | 050223s1957 xxu ||||1| eng d | ||
| 130 | 0 |
_aLibro de Apolonio. _9122682 |
|
| 245 | 1 | 0 |
_aLibro de Apolonio _b: an old spanish poem / _cEdited by C. Carroll Marden. |
| 260 |
_aMacon : _bProtab Freres, _c1957. |
||
| 300 |
_a2 v. ; _c17 cm. |
||
| 700 | 0 |
_aMarden, C. Carroll. _976563 |
|
| 852 |
_aES-MaACL _jF-2651 |
||
| 999 |
_c92238 _d92238 |
||